000 00582nam a2200205Ia 4500
005 20250508164620.0
008 008 250505s9999 xx 000 0 eng d
037 _aReference
040 _aFEDL
_beng
_cFEDL
041 _aeng
_2eng
084 _a423, OXF
_qFEDL
245 0 _aShorter oxford english dictionary: On historical principles 2 Vols
250 _a6
260 _aOxford, UK
_bOxford University Press
_c2007
300 _a3742p.
365 _aGBP
_b125
650 _aDictionary - English
_9778620
942 _cREF
_h423, OXF
999 _c1390150
_d1390150